00428nam a2200157Ia 45000010006000000050017000060080041000230410008000640820015000721000049000872450081001362600009002173000028002266500008002546540008002621984520260306172722.0260306t2023||||xx |||||||||||||| ||spa|| aESP a341.2bG72 aGonzález-Varas Ibáñez, Alejandro,eAUT 0aIdeologías y creencias en la formación del derecho en un contexto global c2023 a145 páginas :c23 cm. aGEN aCDE